U.S. State Birds Quiz - Statistics

General Stats
  • This quiz has been taken 30 times
    14 since last reset
  • The average score is 19 of 50
Answer Stats
Hint Answer % Correct
Alabama Northern flicker
100%
Alaska Willow ptarmigan
75%
Maryland Baltimore oriole
50%
Louisiana Brown pelican
50%
Georgia Brown thrasher
50%
Arizona Cactus wren
50%
Utah California gull
50%
California California quail
50%
Minnesota Common loon
50%
Colorado Lark bunting
50%
Hawaii Nēnē
50%
Illinois Northern cardinal
50%
Indiana Northern cardinal
50%
Kentucky Northern cardinal
50%
Arkansas Northern mockingbird
50%
Mississippi Northern mockingbird
50%
Texas Northern mockingbird
50%
South Dakota Ring-necked pheasant
50%
New Mexico Roadrunner
50%
Oklahoma Scissor-tailed flycatcher
50%
Kansas Western meadowlark
50%
Montana Western meadowlark
50%
Nebraska Western meadowlark
50%
Washington American goldfinch
25%
Connecticut American robin
25%
Michigan American robin
25%
Wisconsin American robin
25%
Maine Black-capped chickadee
25%
Massachusetts Black-capped chickadee
25%
South Carolina Carolina wren
25%
Delaware Delaware blue hen chicken
25%
Missouri Eastern bluebird
25%
New York Eastern bluebird
25%
Iowa Eastern goldfinch
25%
New Jersey Eastern goldfinch
25%
Vermont Hermit thrush
25%
Idaho Mountain bluebird
25%
Nevada Mountain bluebird
25%
North Carolina Northern cardinal
25%
Ohio Northern cardinal
25%
Virginia Northern cardinal
25%
West Virginia Northern cardinal
25%
Florida Northern mockingbird
25%
Tennessee Northern mockingbird
25%
New Hampshire Purple finch
25%
Rhode Island Rhode Island red chicken
25%
Pennsylvania Ruffed grouse
25%
North Dakota Western meadowlark
25%
Oregon Western meadowlark
25%
Wyoming Western meadowlark
25%
No matching quizzes found
Score Distribution
Percent of People with Each Score
Percentile by Number Answered
Your Score History
You have not taken this quiz since the last reset